[Event "68th ch-RUS HL w 2018"]
[Site "Yaroslavl RUS"]
[Date "2018.06.27"]
[Round "2.21"]
[White "Afonasieva, Anna"]
[Black "Faizutdinova, Diana"]
[Result "1-0"]
[WhiteTitle "WFM"]
[WhiteElo "2217"]
[BlackElo "2046"]
[WhiteFideId "24173606"]
[BlackFideId "24143731"]
[EventDate "2018.06.26"]

1. d4 Nf6 2. Nf3 g6 3. c4 d6 4. g3 Bg7 5. Bg2 c6 6. O-O O-O 7. Nc3 Bf5 8. Ne1
Be6 9. b3 d5 10. cxd5 Nxd5 11. Ne4 a5 12. Bb2 Na6 13. Ng5 Bc8 14. e4 Ndc7 15.
Ngf3 Nb5 16. a4 Nd6 17. Ne5 Nb4 18. Bc3 Qb6 19. Nc2 Nxc2 20. Qxc2 Be6 21. Rab1
Qc7 22. Nd3 Rfd8 23. Rfd1 Ne8 24. Qb2 f5 25. Nf4 Bc8 26. e5 e6 27. Qe2 Bf8 28.
Rbc1 Qf7 29. h4 Nc7 30. Qe1 Nd5 31. Bxd5 cxd5 32. Bxa5 Re8 33. Rc7 Re7 34. Rdc1
Qe8 35. Qc3 Rxc7 36. Qxc7 Bd7 37. Bd2 Bc6 38. Nd3 Rc8 39. Qb6 Be7 40. Bb4 Bd8
41. Qc5 g5 42. hxg5 Bxg5 43. f4 Bd8 44. Qc2 Qg6 45. Qh2 Rc7 46. Kf2 Rg7 47. Rh1
h5 48. Qxh5 Qxg3+ 49. Ke2 Qg2+ 50. Nf2 1-0

[Event "68th ch-RUS HL w 2018"]
[Site "Yaroslavl RUS"]
[Date "2018.06.27"]
[Round "2.22"]
[White "Mokshanova, Elizaveta"]
[Black "Khokhlova, Daria"]
[Result "0-1"]
[WhiteTitle "WFM"]
[WhiteElo "2046"]
[BlackElo "2198"]
[WhiteFideId "24160679"]
[BlackFideId "24182729"]
[EventDate "2018.06.26"]

1. e4 c5 2. c3 g6 3. d4 cxd4 4. cxd4 d5 5. e5 Bg7 6. Nc3 Nc6 7. Be3 f6 8. f4 Nh6
9. h3 O-O 10. Nf3 fxe5 11. fxe5 Nf5 12. Bf2 Bh6 13. g4 Ne3 14. Qe2 Rxf3 15. Qxf3
Nxd4 16. Qg3 Ndc2+ 17. Ke2 Nxa1 18. Bxe3 Bxe3 19. Qxe3 d4 20. Qd3 Be6 21. Bg2
dxc3 22. Rxa1 cxb2 23. Rb1 Qc7 24. Qe4 Qc3 25. Qd3 Qxe5+ 26. Qe3 Qb5+ 27. Kf2
Bxa2 28. Qd4 Rf8+ 29. Kg1 Bxb1 30. Bd5+ Rf7 31. Qe5 Qf1+ 32. Kh2 Qf2+ 33. Kh1
Be4+ 34. Bxe4 Qe1+ 0-1

[Event "68th ch-RUS HL w 2018"]
[Site "Yaroslavl RUS"]
[Date "2018.06.27"]
[Round "2.23"]
[White "Yakushina, Ekaterina"]
[Black "Kochukova, Anna"]
[Result "1/2-1/2"]
[BlackTitle "WFM"]
[WhiteElo "1886"]
[BlackElo "2170"]
[WhiteFideId "34166014"]
[BlackFideId "24173932"]
[EventDate "2018.06.26"]

1. d4 d5 2. c4 dxc4 3. Nf3 Nf6 4. e3 e6 5. Bxc4 a6 6. O-O b5 7. Be2 Bb7 8. a4 b4
9. Nbd2 Be7 10. Ne5 Nbd7 11. Bf3 Nd5 12. Ndc4 Nxe5 13. Nxe5 O-O 14. Qc2 Rc8 15.
Nc6 Qd7 16. Nxe7+ Qxe7 17. e4 Nb6 18. a5 Nd7 19. Bd2 e5 20. d5 c5 21. dxc6 Bxc6
22. Rfc1 Qd6 23. Rd1 Nf6 24. Rac1 Bb7 25. Qb3 Rxc1 26. Bxc1 Qc5 27. Bd2 Qxa5 28.
Bxb4 Qb6 29. Qa3 Rc8 30. Bc3 Nxe4 31. Bxe4 Bxe4 32. Bxe5 h6 33. Qg3 Bg6 34. h4
h5 35. Bc3 Qc7 36. Qxc7 Rxc7 37. Rd8+ Kh7 38. Rd6 Ra7 39. Bd4 Ra8 40. Bc3 Ra7
41. Bd4 1/2-1/2

[Event "68th ch-RUS HL w 2018"]
[Site "Yaroslavl RUS"]
[Date "2018.06.28"]
[Round "3.1"]
[White "Belenkaya, Dina"]
[Black "Ovod, Evgenija"]
[Result "0-1"]
[WhiteTitle "WGM"]
[BlackTitle "IM"]
[WhiteElo "2308"]
[BlackElo "2360"]
[WhiteFideId "24142654"]
[BlackFideId "4131827"]
[EventDate "2018.06.26"]

1. e4 e6 2. d4 d5 3. Nd2 c5 4. exd5 Qxd5 5. dxc5 Qxc5 6. Ngf3 Nf6 7. Bd3 Nbd7 8.
Qe2 Qc7 9. O-O g6 10. b3 Bg7 11. Bb2 O-O 12. c4 b6 13. Ne4 Nh5 14. Bxg7 Kxg7 15.
Rad1 Bb7 16. Bb1 Rad8 17. Qb2+ e5 18. Rd2 f6 19. b4 Nb8 20. Rfd1 Rxd2 21. Rxd2
Bxe4 22. Bxe4 Qxc4 23. Bd5 Qc7 24. g3 Kh8 25. Qb3 Ng7 26. Rc2 Qd6 27. Qc4 Nf5
28. g4 Ne7 29. Bb7 Qd7 30. Qe4 g5 31. Rd2 Qe6 32. Nd4 Qc4 33. Nb3 Qf7 34. b5 Ng6
35. Bd5 Qe7 36. Bc6 Rd8 37. Qf5 Kg7 38. Be4 Nd7 39. Kf1 Nc5 40. Bd5 Nxb3 41.
axb3 Qc5 42. Qe4 Nf4 43. Rc2 Rxd5 44. Rxc5 Rd1+ 45. Qe1 Rxe1+ 46. Kxe1 Nd3+ 0-1

[Event "68th ch-RUS HL w 2018"]
[Site "Yaroslavl RUS"]
[Date "2018.06.28"]
[Round "3.2"]
[White "Gritsayeva, Oksana"]
[Black "Potapova, Margarita"]
[Result "1/2-1/2"]
[WhiteTitle "WFM"]
[BlackTitle "WFM"]
[WhiteElo "2355"]
[BlackElo "2302"]
[WhiteFideId "14104652"]
[BlackFideId "14126869"]
[EventDate "2018.06.26"]

1. e4 c5 2. Nf3 d6 3. d4 cxd4 4. Nxd4 Nf6 5. Nc3 a6 6. Be3 e5 7. Nb3 Be6 8. f3
Nbd7 9. Qd2 b5 10. a4 b4 11. Nd5 Bxd5 12. exd5 Nb6 13. Bxb6 Qxb6 14. a5 Qb7 15.
Bc4 g6 16. Ra4 Rb8 17. Qd3 Ra8 18. Qd2 Rb8 19. Qd3 Ra8 20. Qd2 1/2-1/2

[Event "68th ch-RUS HL w 2018"]
[Site "Yaroslavl RUS"]
[Date "2018.06.28"]
[Round "3.3"]
[White "Maltsevskaya, Aleksandra"]
[Black "Tomilova, Elena"]
[Result "0-1"]
[BlackTitle "WIM"]
[WhiteElo "2279"]
[BlackElo "2334"]
[WhiteFideId "24174041"]
[BlackFideId "4162340"]
[EventDate "2018.06.26"]

1. d4 Nf6 2. Nf3 e6 3. c4 b6 4. a3 Bb7 5. Nc3 Ne4 6. Nxe4 Bxe4 7. Nd2 Bb7 8. e4
Qf6 9. d5 Bc5 10. Qf3 Qxf3 11. Nxf3 a5 12. Bd3 O-O 13. O-O f5 14. Bd2 Na6 15.
Rae1 fxe4 16. Bxe4 exd5 17. Bxd5+ Bxd5 18. cxd5 Rf5 19. Re5 Rxe5 20. Nxe5 Bd4
21. Nc4 a4 22. Bf4 d6 23. Rd1 Bf6 24. Rd2 Re8 25. Ne3 Nc5 26. Kf1 Re4 27. g3 g5
28. Ng4 Bg7 29. f3 Rd4 30. Rxd4 Bxd4 31. Bc1 Nb3 32. Bxg5 Bxb2 33. Ke2 Bxa3 34.
Kd3 b5 35. Bf6 Kf7 36. Bh8 Bc5 37. f4 Bg1 38. f5 Kg8 39. Bb2 b4 40. Nh6+ Kf8 41.
Kc4 Be3 42. Ng4 Bc5 43. Bh8 Kg8 44. Bb2 Nd2+ 45. Kd3 Nf3 46. Kc4 a3 47. Nh6+ Kf8
48. Bh8 Be3 49. Ng4 Bd4 50. f6 Ne5+ 51. Nxe5 Bxe5 52. Kb3 Kf7 53. Bg7 Bxf6 54.
Bh6 Bd4 55. g4 Kf6 56. h4 Ke5 57. Kc4 Ke4 58. Kb3 Kxd5 0-1

[Event "68th ch-RUS HL w 2018"]
[Site "Yaroslavl RUS"]
[Date "2018.06.28"]
[Round "3.4"]
[White "Galliamova, Alisa"]
[Black "Goltseva, Ekaterina"]
[Result "1-0"]
[WhiteTitle "IM"]
[BlackTitle "WFM"]
[WhiteElo "2422"]
[BlackElo "2260"]
[WhiteFideId "4129725"]
[BlackFideId "24173770"]
[EventDate "2018.06.26"]

1. e4 e6 2. d4 d5 3. Nc3 Nf6 4. Bg5 dxe4 5. Nxe4 Be7 6. Bxf6 gxf6 7. Nf3 f5 8.
Nc3 a6 9. a4 b6 10. Bc4 Bf6 11. Qd3 Qd6 12. O-O-O Nd7 13. Rhe1 O-O 14. Kb1 Bb7
15. Qe3 Kh8 16. Ne5 Bg7 17. g4 fxg4 18. Nxd7 Qxd7 19. h3 Qc6 20. Be2 g3 21. Qxg3
Qd6 22. Qh4 Rae8 23. Ne4 Bxe4 24. Qxe4 a5 25. Bb5 Rd8 26. c3 Qd5 27. Qe2 c6 28.
Bd3 Rde8 29. Be4 Qd7 30. Qf3 Rc8 31. Bc2 Qd5 32. Qd3 f5 33. Re3 b5 34. Rde1 Rce8
35. Qd1 Qd6 36. Bb3 bxa4 37. Bxa4 Re7 38. Bb3 Rfe8 39. Qd3 Qd7 40. Qc4 Qd6 41.
Rxe6 Rxe6 42. Rxe6 Rxe6 43. Qxe6 Qxe6 44. Bxe6 Bf8 45. Bxf5 Kg7 46. Ka2 h6 47.
Kb3 Kf6 48. Be4 c5 49. dxc5 Bxc5 50. f3 Ke7 51. Ka4 Bb6 52. b3 Bc7 53. c4 Kd8
54. Bf5 Ke7 55. Kb5 Kd8 56. Kc6 Bf4 57. c5 Bg3 58. Kb5 Bc7 59. Bg4 Ke7 60. Kc6
Kd8 61. Kd5 Bg3 62. Bf5 Bf2 63. c6 Bg3 64. Ke6 Kc7 65. Be4 Bf4 66. Kf5 Bh2 67.
f4 Kd6 68. Kg4 Ke7 69. Bf3 Kd6 70. f5 Ke7 71. Bd5 Kf6 72. Be6 Bc7 73. Kf3 Ke5
74. Ke3 Kd6 75. Bd7 Bd8 76. Kd4 Bf6+ 77. Kc4 Bd8 78. Kb5 Ke5 79. Ka6 Kd5 80. Kb7
Kd6 81. f6 Kd5 1-0

[Event "68th ch-RUS HL w 2018"]
[Site "Yaroslavl RUS"]
[Date "2018.06.28"]
[Round "3.5"]
[White "Nechaeva, Marina"]
[Black "Dordzhieva, Dinara"]
[Result "1/2-1/2"]
[WhiteTitle "IM"]
[BlackTitle "WIM"]
[WhiteElo "2410"]
[BlackElo "2274"]
[WhiteFideId "4149351"]
[BlackFideId "24157570"]
[EventDate "2018.06.26"]

1. d4 Nf6 2. c4 g6 3. Nc3 Bg7 4. e4 d6 5. Be2 O-O 6. Nf3 e5 7. O-O Nbd7 8. Re1
a5 9. Bf1 Re8 10. Rb1 exd4 11. Nxd4 Nc5 12. f3 c6 13. Be3 Nfd7 14. Qd2 a4 15. b4
axb3 16. axb3 Ne5 17. Red1 Qe7 18. Bf2 Ra3 19. Kh1 Qf6 20. Be3 Qe7 21. Bg5 Qf8
22. Qc1 Ra8 23. Be3 Ne6 24. Nce2 Qe7 25. Nxe6 Bxe6 26. Nd4 Bd7 27. Qd2 d5 28.
cxd5 cxd5 29. Nb5 dxe4 30. Nc7 exf3 31. Nxa8 Rxa8 32. Bd4 Bc6 33. Re1 fxg2+ 34.
Bxg2 Nf3 35. Rxe7 Nxd2 36. Bxc6 Nxb1 37. Bxb7 Rd8 38. Be3 Nc3 39. Bf2 h5 40. Ba6
Nd5 41. Re1 Nb4 42. Bc4 Nc6 43. Bg3 Bf6 44. h3 Kg7 45. Rf1 g5 46. Rf5 h4 47. Bh2
Rd1+ 48. Kg2 Nd4 49. Rf1 Rd2+ 50. Rf2 Rd1 51. Rf1 Rxf1 52. Kxf1 Nf3 53. Kg2 Nd4
54. Bg1 Nc6 55. Bd5 Nb4 56. Be4 Bc3 57. Bc5 Na6 58. Bd6 Bb4 59. Bd3 Bxd6 60.
Bxa6 1/2-1/2

[Event "68th ch-RUS HL w 2018"]
[Site "Yaroslavl RUS"]
[Date "2018.06.28"]
[Round "3.6"]
[White "Solozhenkina, Elizaveta"]
[Black "Kovalevskaya, Ekaterina"]
[Result "1/2-1/2"]
[WhiteTitle "WIM"]
[BlackTitle "IM"]
[WhiteElo "2258"]
[BlackElo "2402"]
[WhiteFideId "34106615"]
[BlackFideId "4116704"]
[EventDate "2018.06.26"]

1. e4 c5 2. Nf3 Nc6 3. Bb5 d6 4. O-O Bd7 5. Re1 Nf6 6. c3 a6 7. Bf1 Bg4 8. h3
Bxf3 9. Qxf3 e6 10. d3 Be7 11. Nd2 O-O 12. Qd1 d5 13. e5 Nd7 14. Nf3 b5 15. Bf4
b4 16. Qd2 Rb8 17. c4 Nb6 18. Rad1 dxc4 19. dxc4 Qxd2 20. Rxd2 Rfd8 21. Red1 Na4
22. Be2 Rxd2 23. Rxd2 Rd8 24. Rc2 h6 25. g4 Nd4 26. Nxd4 cxd4 27. Rd2 Bg5 28.
Bxg5 hxg5 29. Kg2 Nc5 30. Bd3 f6 31. exf6 gxf6 32. Kg3 Kf7 33. f3 Nxd3 34. Rxd3
e5 35. Rd1 Ke6 36. Kf2 Rh8 37. Rh1 f5 38. gxf5+ Kxf5 39. Ke2 Kf4 40. c5 Rc8 41.
Rc1 Rc6 42. Rc4 a5 43. b3 Kf5 44. Kd3 Kf4 45. Ke2 Kf5 46. Kd3 Ke6 47. Ke4 Rc7
48. f4 gxf4 49. c6 Kd6 50. h4 f3 51. Kxf3 Rf7+ 52. Ke2 Kc7 53. Rc5 e4 54. Rc4
Rf4 55. Rxd4 Rxh4 56. Ke3 Kxc6 57. Rd2 Kc5 1/2-1/2

[Event "68th ch-RUS HL w 2018"]
[Site "Yaroslavl RUS"]
[Date "2018.06.28"]
[Round "3.7"]
[White "Savina, Anastasia"]
[Black "Kovanova, Baira"]
[Result "1/2-1/2"]
[WhiteTitle "IM"]
[BlackTitle "WGM"]
[WhiteElo "2343"]
[BlackElo "2369"]
[WhiteFideId "4196872"]
[BlackFideId "4164083"]
[EventDate "2018.06.26"]

1. d4 Nf6 2. c4 e6 3. Nf3 b6 4. g3 Bb7 5. Bg2 c5 6. d5 exd5 7. Nh4 g6 8. Nc3 Bg7
9. cxd5 O-O 10. O-O d6 11. Re1 a6 12. a4 Re8 13. Rb1 Nbd7 14. Bf4 Nh5 15. Bd2
Ne5 16. Nf3 Nc4 17. Bg5 Qc7 18. Qc2 h6 19. Bc1 Nf6 20. b3 Na5 21. Nd2 Bc8 22.
Bb2 Bf5 23. e4 Bd7 24. Ne2 Rac8 25. Rbc1 b5 26. axb5 axb5 27. b4 Nb7 28. Qb1 Qb6
29. bxc5 dxc5 30. h3 Qa5 31. Bc3 b4 32. Nc4 Qa6 33. Bb2 Bb5 34. e5 Bxc4 35. Nf4
Nh5 36. Rxc4 Qxc4 37. Bf1 Qb3 38. Re3 Qa4 39. Nxh5 gxh5 40. e6 Re7 41. Bxg7 Kxg7
42. Qf5 f6 43. Bd3 Qa1+ 44. Kh2 Kg8 45. Qg6+ Rg7 46. Qxh6 Nd6 47. Qf4 Qa2 48. e7
Re8 49. Re6 c4 50. Rxd6 cxd3 51. Rxf6 Rgxe7 52. Rg6+ Rg7 53. Rxg7+ Kxg7 54. Qg5+
Kf7 55. Qf5+ Kg7 1/2-1/2

[Event "68th ch-RUS HL w 2018"]
[Site "Yaroslavl RUS"]
[Date "2018.06.28"]
[Round "3.8"]
[White "Vasilevich, Tatjana"]
[Black "Baraeva, Marina"]
[Result "1-0"]
[WhiteTitle "IM"]
[BlackTitle "WIM"]
[WhiteElo "2360"]
[BlackElo "2210"]
[WhiteFideId "14101610"]
[BlackFideId "24142573"]
[EventDate "2018.06.26"]

1. Nf3 d5 2. c4 c6 3. g3 Nf6 4. Bg2 Bg4 5. O-O Nbd7 6. b3 e6 7. Bb2 Bd6 8. d3
O-O 9. Nbd2 Qe7 10. a3 a5 11. Qc2 Rfd8 12. h3 Bh5 13. e4 dxe4 14. dxe4 e5 15.
Nh4 Bc5 16. Nf5 Qe8 17. Rfe1 Nf8 18. g4 Bg6 19. Nf3 N6d7 20. Qc3 f6 21. b4 Be7
22. c5 Ne6 23. Nd2 Nf4 24. Bf1 b5 25. cxb6 Bxf5 26. b7 Ra7 27. gxf5 axb4 28.
Qxc6 bxa3 29. Reb1 Nb8 30. Qxe8+ Rxe8 31. Bc1 Rd8 32. Nc4 Rd7 33. Nb6 Rc7 34.
Bxf4 exf4 35. Nd5 Rd7 36. Bb5 Bd6 37. Bxd7 Nxd7 38. Ra2 Kf7 39. Rb3 Nb8 40. Kf1
Nd7 41. Ke2 g6 42. Rb5 Nb8 43. Kd2 Nd7 44. Kc2 Kg7 45. Kb1 f3 46. fxg6 hxg6 47.
Rd2 Be5 48. Ka2 Kf7 49. Nb4 Nb8 50. Rd3 Bb2 51. Rd8 Be5 52. Rxb8 1-0

[Event "68th ch-RUS HL w 2018"]
[Site "Yaroslavl RUS"]
[Date "2018.06.28"]
[Round "3.9"]
[White "Khokhlova, Daria"]
[Black "Bodnaruk, Anastasia"]
[Result "1/2-1/2"]
[BlackTitle "IM"]
[WhiteElo "2198"]
[BlackElo "2451"]
[WhiteFideId "24182729"]
[BlackFideId "4181751"]
[EventDate "2018.06.26"]

1. d4 Nf6 2. c4 e6 3. Nc3 Bb4 4. e3 O-O 5. Bd3 d5 6. Nf3 b6 7. O-O Bb7 8. a3 Bd6
9. b3 c5 10. Bb2 Nbd7 11. Qe2 Ne4 12. Nb5 Bb8 13. Ne5 a6 14. Bxe4 dxe4 15. Nxd7
Qxd7 16. Nc3 cxd4 17. exd4 f5 18. Rad1 Bc7 19. d5 Rad8 20. f4 exf3 21. Rxf3 e5
22. b4 Bd6 23. Rc1 Rc8 24. Nd1 a5 25. bxa5 bxa5 26. Kh1 Ba6 27. Nf2 Qa4 28. Rfc3
Rc7 29. Nh3 h6 30. Qe3 Rc5 31. Nf2 e4 32. Qd4 Rf7 33. g4 Bc8 34. gxf5 Bxf5 35.
Nxe4 Bxe4+ 36. Qxe4 Re7 37. Qg6 Qd7 38. R3c2 Bf4 39. Rg1 Be3 40. Rgg2 Rf7 41.
Qd3 Bg5 42. Rgf2 Rxf2 43. Rxf2 Rc8 44. Be5 Qg4 45. Qg6 Qd1+ 46. Kg2 Qg4+ 47. Kh1
Qd1+ 48. Kg2 1/2-1/2

[Event "68th ch-RUS HL w 2018"]
[Site "Yaroslavl RUS"]
[Date "2018.06.28"]
[Round "3.10"]
[White "Shafigullina, Zarina"]
[Black "Shuvalova, Polina"]
[Result "0-1"]
[WhiteTitle "WFM"]
[BlackTitle "WIM"]
[WhiteElo "2191"]
[BlackElo "2418"]
[WhiteFideId "24174220"]
[BlackFideId "24171760"]
[EventDate "2018.06.26"]

1. d4 Nf6 2. Nf3 e6 3. g3 c5 4. c4 cxd4 5. Nxd4 d5 6. Bg2 e5 7. Nf3 d4 8. O-O
Nc6 9. e3 Be7 10. exd4 exd4 11. h3 O-O 12. b3 Bf5 13. Bb2 Bc5 14. a3 a5 15. b4
axb4 16. axb4 Nxb4 17. Rxa8 Qxa8 18. Bxd4 Rd8 19. Qb3 Qa5 20. Bxc5 Qxc5 21. Nbd2
h6 22. Re1 Nd3 23. Re3 Nxf2 24. Qa3 Nxh3+ 25. Kh1 Qb6 26. Qb3 Qc7 27. Nh4 Be6
28. Qc2 Qc5 0-1

[Event "68th ch-RUS HL w 2018"]
[Site "Yaroslavl RUS"]
[Date "2018.06.28"]
[Round "3.11"]
[White "Schepetkova, Margarita"]
[Black "Garifullina, Leya"]
[Result "1/2-1/2"]
[WhiteTitle "WIM"]
[BlackTitle "WCM"]
[WhiteElo "2244"]
[BlackElo "2131"]
[WhiteFideId "4189949"]
[BlackFideId "34127035"]
[EventDate "2018.06.26"]

1. d4 Nf6 2. c4 e6 3. g3 d5 4. Bg2 Be7 5. Nf3 O-O 6. O-O Nbd7 7. Qc2 c6 8. Nbd2
b6 9. e4 dxc4 10. Nxc4 Bb7 11. Rd1 c5 12. Ng5 h6 13. e5 Bxg2 14. exf6 Nxf6 15.
Kxg2 hxg5 16. dxc5 Qc7 17. cxb6 axb6 18. Qe2 Nd5 19. Ne3 Nb4 20. a3 Nc6 21. f3
Qb7 22. b3 Rfd8 23. Rxd8+ Rxd8 24. Bb2 Nd4 25. Bxd4 Rxd4 26. Rd1 Rxd1 27. Qxd1
Bxa3 28. Qd8+ Bf8 29. Qxg5 Qa6 30. Nc4 Qa2+ 31. Nd2 Qc2 32. Qd8 Qd1 33. Qd4 Qe2+
34. Qf2 Qd3 35. Nc4 b5 36. Nd2 Bb4 37. Ne4 Qxb3 38. g4 Qd3 39. h4 Bf8 40. h5 b4
41. Qd2 Qxd2+ 42. Nxd2 Bc5 43. Nb3 Bb6 44. f4 Kh7 45. Kf3 Kh6 46. Ke4 f6 47. Nd2
Bc7 48. Nb3 Bd6 49. Nd2 g6 50. hxg6 Kxg6 51. f5+ exf5+ 52. gxf5+ Kg5 53. Nb3 Be5
54. Nc5 Kg4 55. Nb3 Kg3 56. Nc5 Bd6 57. Nb3 Kf2 58. Kd5 Be5 59. Kc4 Bd6 60. Kd5
Be5 61. Kc4 Bc3 62. Nc5 Ke3 63. Nd7 Kf4 64. Nxf6 Kxf5 65. Nd5 1/2-1/2

[Event "68th ch-RUS HL w 2018"]
[Site "Yaroslavl RUS"]
[Date "2018.06.28"]
[Round "3.12"]
[White "Vinokur, Yuliya"]
[Black "Semenova, Elena1"]
[Result "1-0"]
[WhiteTitle "WFM"]
[BlackTitle "WIM"]
[WhiteElo "2131"]
[BlackElo "2238"]
[WhiteFideId "34127515"]
[BlackFideId "24125148"]
[EventDate "2018.06.26"]

1. Nf3 d5 2. c4 d4 3. g3 c5 4. Bg2 Nc6 5. O-O e5 6. d3 Nf6 7. Na3 Be7 8. Nc2 O-O
9. Bg5 Bf5 10. Rb1 a5 11. Nd2 h6 12. Bxf6 Bxf6 13. b3 Be7 14. a3 Qd7 15. Re1
Rfd8 16. Rb2 g6 17. Bd5 Bg4 18. Qc1 Kg7 19. Nf3 Bd6 20. Nd2 Re8 21. Qb1 g5 22.
Ne4 Be7 23. f3 Be6 24. Bxe6 Qxe6 25. e3 f5 26. exd4 fxe4 27. d5 Qf7 28. dxc6
exf3 29. Ne3 bxc6 30. g4 Bf6 31. Nf5+ Kh8 32. Re4 h5 33. Nd6 Qd7 34. Nxe8 Rxe8
35. h3 Rd8 36. Rd2 a4 37. bxa4 hxg4 38. hxg4 Qa7 39. Qd1 Kg7 40. Rf2 Qe7 41.
Qxf3 Rd6 42. Rh2 Qd7 43. Rh3 Qb7 44. Qf5 Qb1+ 45. Kf2 Qb2+ 46. Re2 Qd4+ 47. Kg2
Kg8 48. Rf2 e4 49. Qg6+ Kf8 50. Rh8+ 1-0

[Event "68th ch-RUS HL w 2018"]
[Site "Yaroslavl RUS"]
[Date "2018.06.28"]
[Round "3.13"]
[White "Lingur, Zalina"]
[Black "Balaian, Alina"]
[Result "0-1"]
[WhiteTitle "WFM"]
[BlackTitle "WIM"]
[WhiteElo "2101"]
[BlackElo "2221"]
[WhiteFideId "34165670"]
[BlackFideId "24115347"]
[EventDate "2018.06.26"]

1. e4 e6 2. d3 d5 3. Nd2 c5 4. Ngf3 Nc6 5. g3 Bd6 6. Bg2 Nge7 7. O-O O-O 8. Nh4
b5 9. f4 f6 10. f5 exf5 11. Nxf5 Nxf5 12. exf5 Ne7 13. Qg4 Be5 14. Nb3 g6 15.
Qf3 Bxf5 16. Nxc5 Qb6 17. Qf2 Rac8 18. d4 Bxd4 19. Qxd4 Qxc5 20. Qxc5 Rxc5 21.
c3 Be4 22. Re1 f5 23. Be3 Rc7 24. Bf1 Rb7 25. Bc5 Re8 26. b4 Nc6 27. a4 a6 28.
h3 Kf7 29. Kf2 g5 30. axb5 axb5 31. Ra6 Re6 32. Be2 Rh6 33. Rea1 d4 34. cxd4
Rxh3 35. Bf3 Bxf3 36. Kxf3 Nd8 37. Kg2 g4 38. Rf1 Rh5 39. Re1 Rd7 40. Rb6 f4 41.
gxf4 Rf5 42. Kg3 h5 43. Re4 Rf6 44. Rxb5 Ne6 45. Rb8 Ng7 46. b5 Nf5+ 47. Kg2 h4
48. b6 h3+ 49. Kg1 Rh6 50. Rf8+ Kg6 51. Re6+ Kg7 52. Rxh6 Nxh6 53. Rc8 Kg6 54.
Rc7 Rd8 55. b7 Re8 56. Re7 Rh8 57. Re2 g3 58. Re3 Nf5 59. Re1 Nh4 60. Re3 Nf3+
61. Kf1 g2+ 62. Ke2 g1=Q 63. f5+ Kh5 64. Rxf3 Qg2+ 0-1

[Event "68th ch-RUS HL w 2018"]
[Site "Yaroslavl RUS"]
[Date "2018.06.28"]
[Round "3.14"]
[White "Yakimenko, Viktoria"]
[Black "Dimitrova, Aleksandra"]
[Result "1-0"]
[WhiteTitle "WFM"]
[BlackTitle "WIM"]
[WhiteElo "2078"]
[BlackElo "2220"]
[WhiteFideId "24174998"]
[BlackFideId "24173371"]
[EventDate "2018.06.26"]

1. e4 c6 2. d4 d5 3. exd5 cxd5 4. Bd3 Nc6 5. c3 Qc7 6. Ne2 Bg4 7. f3 Bh5 8. Bf4
Qd7 9. Ng3 Bg6 10. Be2 e6 11. Qb3 Nge7 12. Nd2 Nc8 13. Ndf1 Bd6 14. Bxd6 Nxd6
15. Ne3 O-O 16. h4 h6 17. Ngf1 b5 18. a3 Rab8 19. Qd1 a5 20. b4 Qa7 21. Kf2 Rfe8
22. g4 e5 23. Nxd5 exd4 24. Kg2 axb4 25. cxb4 Nc4 26. Nf4 d3 27. Bxd3 Nb2 28.
Qc1 Nxd3 29. Nxd3 Nd4 30. Qc5 Re2+ 31. Kg3 Qd7 32. Ne5 Rxe5 33. Qxe5 Re8 34. Qc5
Nb3 35. Qc3 Nxa1 36. Qxa1 Qd6+ 37. Kh3 Qd3 38. Nh2 h5 39. Rf1 Re3 40. Qd1 hxg4+
41. Kxg4 Qxa3 42. Qd6 Rb3 43. Kg3 Qxb4 44. Qe5 Qc3 45. Qb8+ Kh7 46. Rd1 Bd3 47.
Qf4 Rb2 48. Ng4 f6 49. h5 Qc2 50. Re1 Be2 51. Rc1 Qd3 52. Nxf6+ gxf6 53. Rc7+
Kg8 54. Qg4+ 1-0

[Event "68th ch-RUS HL w 2018"]
[Site "Yaroslavl RUS"]
[Date "2018.06.28"]
[Round "3.15"]
[White "Bocharova, Ulyana"]
[Black "Afonasieva, Anna"]
[Result "1/2-1/2"]
[BlackTitle "WFM"]
[WhiteElo "1874"]
[BlackElo "2217"]
[WhiteFideId "24174513"]
[BlackFideId "24173606"]
[EventDate "2018.06.26"]

1. d4 Nf6 2. c4 g6 3. Nc3 d5 4. cxd5 Nxd5 5. Nf3 Bg7 6. g3 O-O 7. Bg2 c5 8. e3
cxd4 9. Nxd4 Nxc3 10. bxc3 Nd7 11. O-O a6 12. Ba3 Re8 13. Rb1 Qc7 14. Qa4 Rb8
15. c4 Nf6 16. c5 e5 17. Ne2 Bd7 18. Qb4 Bb5 19. Rfe1 Bd3 20. Rb3 e4 21. Nf4 Bb5
22. Bb2 Qc6 23. Bd4 Nd5 24. Nxd5 Qxd5 25. Bxg7 Kxg7 26. Qd4+ Qe5 27. Bf1 Bc6 28.
Qxe5+ Rxe5 29. Bxa6 Rxc5 30. Reb1 Bd5 31. R3b2 Rc7 32. a4 Kf8 33. Rb5 Bc6 34.
R5b4 Ra8 35. Bxb7 Bxb7 36. Rxb7 Rxb7 37. Rxb7 Rxa4 38. Kg2 h5 39. h4 Ra6 40. Rb4
Re6 41. Rb7 Kg7 42. Ra7 Kf6 43. Ra5 Re5 44. Ra7 Ke6 45. Ra6+ Kf5 46. Ra7 f6 47.
Ra6 Rb5 48. Rc6 g5 49. hxg5 fxg5 50. Rh6 Kg4 51. Re6 Rb4 52. Rh6 Ra4 53. Rh8 Rb4 1/2-1/2

[Event "68th ch-RUS HL w 2018"]
[Site "Yaroslavl RUS"]
[Date "2018.06.28"]
[Round "3.16"]
[White "Diakonova, Ekaterina"]
[Black "Bulatova, Kamaliya"]
[Result "1/2-1/2"]
[BlackTitle "WFM"]
[WhiteElo "2212"]
[BlackElo "2051"]
[WhiteFideId "24172936"]
[BlackFideId "34111546"]
[EventDate "2018.06.26"]

1. e4 e6 2. d3 d5 3. Nd2 c5 4. g3 Nc6 5. Bg2 Nf6 6. Ngf3 g6 7. O-O Bg7 8. exd5
Nxd5 9. a4 O-O 10. Nc4 b6 11. Re1 Qc7 12. Qe2 Ba6 13. h4 Rad8 14. h5 Rfe8 15.
hxg6 hxg6 16. Bg5 Rd7 17. c3 Bb7 18. Rad1 a6 19. d4 cxd4 20. cxd4 Nde7 21. Nce5
Nxe5 22. Nxe5 Bxe5 23. dxe5 Bxg2 24. Kxg2 Qb7+ 25. Qf3 Qxf3+ 26. Kxf3 Rxd1 27.
Rxd1 Nd5 28. Rc1 Rb8 29. Ke4 Kg7 30. Rc6 Rb7 31. Rc8 a5 32. b3 b5 33. Bd2 bxa4
34. bxa4 Rb2 35. Bxa5 Rxf2 36. Bd8 Re2+ 37. Kd4 Rd2+ 38. Ke4 Re2+ 39. Kd4 Rd2+
40. Ke4 Re2+ 41. Kd4 Rd2+ 1/2-1/2

[Event "68th ch-RUS HL w 2018"]
[Site "Yaroslavl RUS"]
[Date "2018.06.28"]
[Round "3.17"]
[White "Protopopova, Anastasiya"]
[Black "Yakushina, Ekaterina"]
[Result "1-0"]
[WhiteTitle "WFM"]
[WhiteElo "2262"]
[BlackElo "1886"]
[WhiteFideId "24172073"]
[BlackFideId "34166014"]
[EventDate "2018.06.26"]

1. d4 Nf6 2. c4 g6 3. Nc3 d5 4. Bf4 Bg7 5. e3 c5 6. dxc5 Qa5 7. Rc1 dxc4 8. Bxc4
O-O 9. Ne2 Qxc5 10. Qb3 Nc6 11. Nb5 Qh5 12. Ng3 Qh4 13. Nc7 g5 14. Be5 Nxe5 15.
Nxa8 Bd7 16. Nc7 Rc8 17. O-O a6 18. Bd5 Nxd5 19. Nxd5 Rxc1 20. Rxc1 e6 21. Qxb7
exd5 22. Qb8+ Bf8 23. Qxe5 Be6 24. h3 h6 25. Rc6 Qa4 26. Rxe6 fxe6 27. Qxe6+ Kh8
28. Nf5 Qb4 29. Qe5+ Kh7 30. Qxd5 Qe1+ 31. Kh2 Qb4 32. Qf7+ Kh8 33. Qf6+ Kg8 34.
Qg6+ Kh8 35. Nxh6 1-0